000 00659nam a22002057a 4500
999 _c11694
_d11694
003 AR-CdUCM
008 190404b ||||| |||| 00| 0 spa d
040 _aMUNICIPALIDAD PROVINCIAL DEL CUSCO
_cBIBLIOTECA MUNICIPAL DEL CUSCO
082 _a869.56 /
_bM / 1947
110 _aMinisterio de educación pública
_96342
245 _aMitos, leyendas y cuentos peruanos /
260 _aLima :
_bEducación Publica,
_c1947.
300 _a331 páginas ;
_c22 cm.
505 _aLeyendas -- Costa - Sierra -- Mitos -- Cuentos...
650 _aMitos.
_912603
650 _aCuentos.
_9217
650 _aPerú.
_935
942 _2ddc
_cLIBROS
945 _awfj
_d2019-04-04